คู่มือการเบิกจ่ายค่าใช้จ่ายในการเดินทางและฝึกอบรมสัมมนา [3rd] (ระเบียนเลขที่ 16840)
| 000 -LEADER | |
|---|---|
| fixed length control field | 02198nam a22003377a 4500 |
| 005 - DATE AND TIME OF LATEST TRANSACTION | |
| control field | 20240814174133.0 |
| 008 - FIXED-LENGTH DATA ELEMENTS--GENERAL INFORMATION | |
| fixed length control field | s2537 th tha d |
| 041 ## - LANGUAGE CODE | |
| Language code of text/sound track or separate title | tha |
| 090 ## - LOCALLY ASSIGNED LC-TYPE CALL NUMBER (OCLC); LOCAL CALL NUMBER (RLIN) | |
| Classification number (OCLC) (R) ; Classification number, CALL (RLIN) (NR) | KE67.3 พ987ค 2537 |
| 100 0# - MAIN ENTRY--PERSONAL NAME | |
| Personal name | ไพรัช สร้างถิ่น |
| 245 10 - TITLE STATEMENT | |
| Title | คู่มือการเบิกจ่ายค่าใช้จ่ายในการเดินทางและฝึกอบรมสัมมนา [3rd] |
| 260 3# - PUBLICATION, DISTRIBUTION, ETC. | |
| Place of publication, distribution, etc. | กรุงเทพฯ : |
| Name of publisher, distributor, etc. | ม.ป.พ, |
| Date of publication, distribution, etc. | 2537 |
| 300 ## - PHYSICAL DESCRIPTION | |
| Extent | 362 หน้า : |
| Other physical details | ตาราง ; |
| Dimensions | 26 ซม. |
| 650 04 - SUBJECT ADDED ENTRY--TOPICAL TERM | |
| Topical term or geographic name entry element | การฝึกอบรม -- การเบิกจ่าย |
| 650 04 - SUBJECT ADDED ENTRY--TOPICAL TERM | |
| Topical term or geographic name entry element | การฝึกอบรม(ระเบียบ) -- ค่าใช้จ่าย -- 2534 |
| 650 04 - SUBJECT ADDED ENTRY--TOPICAL TERM | |
| Topical term or geographic name entry element | ค่าเดินทาง -- การเบิกจ่าย |
| 650 04 - SUBJECT ADDED ENTRY--TOPICAL TERM | |
| Topical term or geographic name entry element | การเดินทาง -- ค่าใช้จ่าย |
| 650 04 - SUBJECT ADDED ENTRY--TOPICAL TERM | |
| Topical term or geographic name entry element | ค่าเดินทาง(พ.ร.ก) -- แก้ไขเพิ่มเติม(ฉบับที่ 5) -- 2534 |
| 650 04 - SUBJECT ADDED ENTRY--TOPICAL TERM | |
| Topical term or geographic name entry element | ค่าเดินทาง -- คำถามและคำตอบ |
| 650 04 - SUBJECT ADDED ENTRY--TOPICAL TERM | |
| Topical term or geographic name entry element | ค่าเดินทาง -- ยานพาหนะส่วนตัว(ระเบียบ) -- 2526 |
| 650 04 - SUBJECT ADDED ENTRY--TOPICAL TERM | |
| Topical term or geographic name entry element | การเดินทางไปราชการต่างประเทศ(ระเบียบ) -- 2526 |
| 650 04 - SUBJECT ADDED ENTRY--TOPICAL TERM | |
| Topical term or geographic name entry element | การเบิกจ่าย -- กฎหมายและระเบียบข้อบังคับ |
| 650 04 - SUBJECT ADDED ENTRY--TOPICAL TERM | |
| Topical term or geographic name entry element | การเบิกจ่าย(ระเบียบ) -- 2534 -- แก้ไขเพิ่มเติม (ฉบับที่ 4) -- 2536 |
| 650 04 - SUBJECT ADDED ENTRY--TOPICAL TERM | |
| Topical term or geographic name entry element | การเดินทางไปราชการต่างประเทศ -- คำถามและคำตอบ |
| 650 04 - SUBJECT ADDED ENTRY--TOPICAL TERM | |
| Topical term or geographic name entry element | ค่าเดินทาง -- ยานพาหนะประจำทาง(ระเบียบ) -- 2526 |
| 650 04 - SUBJECT ADDED ENTRY--TOPICAL TERM | |
| Topical term or geographic name entry element | การเดินทาง -- ค่าใช้จ่าย -- คู่มือ |
| 850 ## - HOLDING INSTITUTION | |
| Holding institution | NALT |
| 942 ## - ADDED ENTRY ELEMENTS (KOHA) | |
| Koha item type | Law Book |
| 997 ## - | |
| -- | 000000000016840 |
| 998 ## - LOCAL CONTROL INFORMATION (RLIN) | |
| -- | AREERAT |
| -- | 25 |
| -- | นีลวัสน์ อินทรักษา |
| Withdrawn status | Lost status | Damaged status | Not for loan | Collection code | Home library | Current library | Total Checkouts | Full call number | Barcode | Date last seen | Copy number | Price effective from | Koha item type |
|---|---|---|---|---|---|---|---|---|---|---|---|---|---|
| Law Book collection | National Assembly Library of Thailand | National Assembly Library of Thailand | KE 67.3 พ987ค 2537 | 3961131859 | 09/06/2017 | ฉ. 2 | 09/06/2017 | Law Book | |||||
| Law Book collection | National Assembly Library of Thailand | National Assembly Library of Thailand | KE 67.3 พ987ค 2537 | 3961131834 | 09/06/2017 | ฉ. 1 | 09/06/2017 | Law Book |
